| 000 | 01864cam a2200397 i 4500 | ||
|---|---|---|---|
| 650 | 0 |
_980481 _aHolocaust, Jewish (1939-1945) |
|
| 650 | 0 |
_923567 _aSoykırım, Yahudi (1939-1945) |
|
| 999 |
_c200130783 _d30400 |
||
| 001 | 200130783 | ||
| 003 | TR-AnTOB | ||
| 005 | 20190408220712.0 | ||
| 007 | ta | ||
| 008 | 131104m20172009001 d | ||
| 020 | _a9789753427326 | ||
| 040 |
_aTR-AnTOB _beng _erda _cTR-AnTOB _dTR-AnTOB |
||
| 041 |
_atur _heng |
||
| 050 |
_aDD247.E5 _bA7419 2012 |
||
| 090 |
_aDD247.E5 _b A74 2009 |
||
| 100 | 1 |
_aArendt, Hannah, _d1906-1975 _993981 |
|
| 240 | 1 | 2 |
_aA report on the banality of evil : Eichmann in Jerusalem _lTurkish |
| 245 | 1 | 0 |
_aKötülüğün sıradanlığı : _bAdolf Eichmann Kudüs'te / _cHannah Arendt ; çeviren. Özge Çelik. |
| 250 |
_a2. basım _bŞubat 2012 |
||
| 250 |
_a4. basım _bNisan 2017 |
||
| 264 | 1 |
_aİstanbul : _bMetis Yayınları, _c2012. |
|
| 300 |
_a315 pages. ; _c20 cm |
||
| 336 |
_atext _2rdacontent |
||
| 337 |
_aunmediated _2rdamedia |
||
| 338 |
_avolume _2rdacarrier |
||
| 504 | _aIncludes bibliographic references and index. | ||
| 505 | _aAdalet evi -- Sanık -- Yahudi meselesi uzmanı -- Birinci çözüm: sürmek -- İkinci çözüm: toplamak -- Nihai çözüm: öldürmek -- Wannsee toplantısı veya pontius pilatus -- Yasalara bağlı bir vatandaşın görevleri -- Reich- Almanya, Avusturya ve Protektora -- Batı Avrupa- Fransa, Belçika, Hollanda, Danimarka, İtalya -- Balkanlar- Yugoslavya, Bulgaristan, Yunanistan, Romanya -- Orta Avrupa- Macaristan ve Slovakya -- Doğu'daki katliam merkezleri -- Kanıtlar ve tanıklar -- Hüküm, temyiz, infaz. | ||
| 600 | 1 | 0 |
_aEichmann, Adolf, _d1906-1962 _993982 |
| 650 | 0 |
_aWar crime trials _zJerusalem _993984 |
|
| 650 | 0 |
_aSavaş suçu yargılamaları _zKudüs _993985 |
|
| 700 |
_aÇelik, Özge _993983 |
||
| 942 |
_2lcc _cBK |
||